Fictional Characters by Letter - I - Statistics

General Stats
  • This quiz has been taken 503 times
    355 since last reset
  • The average score is 10 of 20
Answer Stats
Hint Character % Correct
Tony Stark's alter-ego Iron Man
94%
He hates snakes Indiana Jones
83%
Flew too close to the sun Icarus
76%
Rocky Balboa's Soviet rival Ivan Drago
71%
Jafar's parrot or Othello's antagonist Iago
67%
Scratchy's tormentor Itchy
63%
Egyptian goddess of motherhood Isis
58%
Cousin of Addams Family Itt
54%
Call him the narrator of "Moby Dick" Ishmael
50%
You killed his father, prepare to die Inigo Montoya
48%
Notable resident of Sleepy Hollow Ichabod Crane
46%
Character from "The Pink Panther" who suspects everyone and no-one! Inspector Clouseau
41%
Alien robot who befriends a boyin a small town in Maine Iron Giant
41%
What Bulbasaur evolves into Ivysaur
41%
Wizard who betrayed Voldemort Igor Karkaroff
30%
Has a hat that comes hands holding different things Inspector Gadget
30%
Bobby Drake is his alter-ego Iceman
27%
"Life finds a way" said this mathematician in "Jurassic Park" Ian Malcolm
23%
Kyle's adopted Canadian brotherfrom "South Park" Ike Broflovski
14%
He came into conflict with the Eternals Ikaris
9%
No matching quizzes found
Score Distribution
Percent of People with Each Score
Percentile by Number Answered
Your Score History
You have not taken this quiz since the last reset